| 000 | 00725nam a22002531 4500 | ||
|---|---|---|---|
| 001 | 33567 | ||
| 003 | BD-RjUL | ||
| 005 | 20211209052029.0 | ||
| 008 | 140510s1962 enka b 001 0 eng d | ||
| 035 | _a(BD-RjUL)33658 | ||
| 040 |
_aDLC _cDLC _dDLC _dBD-RjUL _beng |
||
| 041 | _aeng | ||
| 082 | 0 | 0 |
_a301.15 _bSMT 1962 |
| 100 | 1 |
_aSmelser, Neil J. _98991 |
|
| 245 | 0 | 0 |
_aTheory of collective behavior / _c Neil J Smelser |
| 260 |
_aLondon : _bRoutledge & Kegan Paul, _c1962. |
||
| 300 |
_axi, 436 p. : _bill. ; _c22 cm. |
||
| 504 | _aBibliography: p. 388-427. and Index | ||
| 650 | 0 |
_aCollective behavior. _9101548 |
|
| 740 | _aCollective behavior. | ||
| 942 |
_2ddc _cBK |
||
| 999 |
_c33567 _d33567 |
||